A Comparative study of the mechanism of action of ammonium polyphosphate and expandable gra[phite in polyurethane (Record no. 45547)

MARC details
000 -LEADER
fixed length control field 00591nam a2200205Ia 4500
100 ## - MAIN ENTRY--AUTHOR NAME
Personal name Duquesne S
245 #2 - TITLE STATEMENT
Title A Comparative study of the mechanism of action of ammonium polyphosphate and expandable gra[phite in polyurethane
260 ## - PUBLICATION, DISTRIBUTION, ETC. (IMPRINT)
Name of publisher Polymer Degradation and Stability
Year of publication 2002
300 ## - PHYSICAL DESCRIPTION
Number of Pages 333-344
650 ## - SUBJECT ADDED ENTRY--TOPICAL TERM
Topical Term Charring
650 ## - SUBJECT ADDED ENTRY--TOPICAL TERM
Topical Term Dynamic properties
650 ## - SUBJECT ADDED ENTRY--TOPICAL TERM
Topical Term Intumescence
650 ## - SUBJECT ADDED ENTRY--TOPICAL TERM
Topical Term Mechanical strength
650 ## - SUBJECT ADDED ENTRY--TOPICAL TERM
Topical Term Rheology
700 ## - ADDED ENTRY--PERSONAL NAME
Personal name Bras M Le
700 ## - ADDED ENTRY--PERSONAL NAME
Personal name Camino G
700 ## - ADDED ENTRY--PERSONAL NAME
Personal name Delobel R
942 ## - ADDED ENTRY ELEMENTS (KOHA)
Koha item type Reprints
Holdings
Withdrawn status Lost status Damaged status Not for loan Home library Current library Shelving location Date acquired Serial Enumeration / chronology Accession Number Koha item type
      Reprints RRII Library RRII Library Rubber chemistry 22/12/2021 Volume 77, Issue P01484 Reprints